LEADER 01300nam a2200301 i 4500 001 000000086330 003 CaOOAMICUS 005 20180830150008.0 008 180830s1975 xx u000 u und u 013 $a58570 040 $aSeMil$bita 100 0 $aOrigenes,$d.$0(OLS)http://semarc/name/467 245 12$aI Principi- Contra Celsum e altri scritti filosofici. 260 $aFirenze :$bSansoni,$c1975. 300 $a540 p. 490 0 $aCollana di classici della filosofia cristiana$aCollana di classici della filosofia cristiana [Sansoni] 650 4$aTeologia.$0(OLS)http://semarc/subject/27 650 4$aTrinità.$0(OLS)http://semarc/subject/940 650 4$aMondo.$0(OLS)http://semarc/subject/15979 650 4$aApologia.$0(OLS)http://semarc/subject/13043 700 1 $aSimonetti, Manlio,$d<1926-2017>.$0(OLS)http://semarc/name/89094 830 0$aCollana di classici della filosofia cristiana ;$v7.$0(OLS)http://semarc/title/7263 850 $aSeMil 852 $aSeMil$W1$xVenegono$y1$m66 22 7 *$j50048$B50048$CSeMilBibl$Z2$F53929 $81 900 1 $aOrigene. 996 $6245$aI Principi- Contra Celsum e altri scritti filosofici$9(OLS)http://semarc/title/132678 996 $6260$aFirenze :$bSansoni$9(OLS)http://semarc/publisher/29843 LEADER 00770nam a2200181 i 4500 001 000000010096 003 CaOOAMICUS 005 20180830125440.0 008 180830n it u000 u ita u 040 $aSeMil$bita 100 1 $aGiordani, Igino,$d <1894-1980>.$0(OLS)http://semarc/name/799 245 10$aStoria sociale del Cristianesimo antico /$cIgino Giordani. 260 $aTorino :$bSEI,$c[193?] 300 $a3 v. ;$c23 cm. 650 4$aChiesa cattolica - Dottrina Sociale - Storia.$0(OLS)http://semarc/subject/1589 774 0 $aGiordani, Igino <1894-1980>$tMessaggio sociale dei primi Padri della Chiesa.$g3$w()87203 996 $6245$aStoria sociale del Cristianesimo antico$9(OLS)http://semarc/title/13357 996 $6260$aTorino :$bSEI$9(OLS)http://semarc/publisher/29848